All 50k+ cities in Illinois on a map - Statistics

General Stats
  • This quiz has been taken 629 times
  • The average score is 18 of 29
Answers on the Map
Answers color-coded by a green-red scale on the quiz's map according to % correct below.
 
Answer Stats
hint Answer % Correct
2,696,555 Chicago
99%
113,394 Springfield
97%
147,711 Rockford
90%
111,666 Peoria
88%
150,372 Joliet
86%
149,104 Naperville
85%
179,266 Aurora
84%
89,114 Champaign
80%
113,911 Elgin
74%
78,283 Bloomington
73%
77,517 Evanston
70%
88,614 Waukegan
70%
83,161 Cicero
65%
69,646 Decatur
65%
77,082 Schaumburg
65%
53,594 Normal
58%
76,000 Arlington Heights
56%
53,224 Oak Park
55%
66,422 Skokie
55%
59,459 Des Plaines
47%
66,321 Palatine
47%
73,597 Bolingbrook
45%
57,013 Oak Lawn
43%
57,850 Orland Park
39%
51,350 Hoffman Estates
36%
54,864 Tinley Park
36%
53,126 Wheaton
35%
55,772 Berwyn
33%
55,541 Mount Prospect
30%
No matching quizzes found
Score Distribution
Percent of People with Each Score
Percentile by Number Answered
Your Score History
You have not taken this quiz